| 000 | 00715nam a2200229 i 4500 | ||
|---|---|---|---|
| 001 | 15636 | ||
| 003 | ES-MaACL | ||
| 005 | 20240521101944.0 | ||
| 007 | t| | ||
| 008 | 000407s1999 sp ||||0| spa j | ||
| 020 | _a84-7039-812-1 | ||
| 040 |
_aM-BN _bspa _cM-BN |
||
| 080 | _a929 Quevedo, Francisco de | ||
| 100 | 1 |
_aJauralde Pou, Pablo. _966184 |
|
| 245 | 1 | 0 |
_aFrancisco de Quevedo _b: (1580-1645) / _cPablo Jauralde Pou ; prólogo de Alonso Zamora Vicente. |
| 260 |
_aMadrid : _bCastalia, _c[1998] |
||
| 300 |
_a969 p. ; _c22 cm. |
||
| 600 | 1 | 4 |
_aQuevedo, Francisco de, _d1580-1645 _994591 |
| 700 | 1 |
_aZamora Vicente, Alonso. _9117952 |
|
| 852 |
_aES-MaACL _jL-22701 _bR.128042 |
||
| 999 |
_c15636 _d15636 |
||